| 000 | 01081nas a2200313 i 4500 | ||
|---|---|---|---|
| 001 | 2629 | ||
| 003 | ES-MaACL | ||
| 005 | 20250709062524.0 | ||
| 007 | t| | ||
| 008 | 950801d18581869sp ar m 0 1 |spa d | ||
| 022 | _a1889-8467 | ||
| 080 | _a(059)(460)"18" | ||
| 245 | 0 | 0 | _aAlmanaque literario del Museo Universal. |
| 246 | 3 | 3 | _aAlmanaque de El Museo Universal |
| 260 |
_aMadrid : _bImp. de Gaspar y Roig, _c1858-[1869] |
||
| 300 |
_av. : _bil. ; _c21 cm. |
||
| 310 | _aAnual | ||
| 530 | _aDisponible en formato digital. | ||
| 780 | 0 | 0 |
_tCalendario del Museo Universal = _xISSN 1889-8459 |
| 787 | 0 |
_tEl Museo universal = _xISSN 1889-8440. |
|
| 852 |
_aES-MaACL _jFol-Laf-356-57 _z(1865, 1867) |
||
| 852 |
_aES-MaACL _jT-213-F-1 _z(1860) |
||
| 852 |
_aES-MaACL _jT-740-F-1 _z(1868) |
||
| 852 |
_aES-MaACL _jT-423-F-12-15 _z.- Años 1861-1863 1865 |
||
| 856 |
_uhttp://prensahistorica.mcu.es/es/consulta/registro.cmd?id=1029130 _zBiblioteca Virtual de Prensa Histórica |
||
| 866 | 0 | _o1860-1863, 1865,1867-1868. | |
| 942 |
_2udc _cPERIODICA |
||
| 999 |
_c2629 _d2629 |
||